000 00279nam a22001337a 4500
008 210304b ||||| |||| 00| 0 eng d
041 _aeng
080 _a51
082 _a51
100 _a37
101 _aMAT
245 _aStructuring Mathematics
_cDeans, E
942 _2udc
_cBK
999 _c55756
_d55756